Un corazón en la línea de fuego/Pasión a primera vista (Record no. 67579)

MARC details
000 -LEADER
campo de control de longitud fija 00566nmm a2200181Ia 4500
008 - DATOS DE LONGITUD FIJA--INFORMACIÓN GENERAL
campo de control de longitud fija 251105s9999||||xx |||||||||||||||||und||
020 ## - NÚMERO INTERNACIONAL ESTÁNDAR DEL LIBRO
Número Internacional Estándar del Libro 9788490000526
041 ## - CÓDIGO DE IDIOMA
Código de lengua del texto/banda sonora o título independiente spa
100 ## - ENTRADA PRINCIPAL--NOMBRE DE PERSONA
Nombre de persona Labrecque, Jennifer
245 #0 - MENCIÓN DEL TÍTULO
Título Un corazón en la línea de fuego/Pasión a primera vista
264 ## - PRODUCCIÓN, PUBLICACIÓN, DISTRIBUCIÓN, FABRICACIÓN Y COPYRIGHT
Producción, publicación, distribución, fabricación y copyright [Madrid, España] :
Nombre del de productor, editor, distribuidor, fabricante Harlequin,
Fecha de producción, publicación, distribución, fabricación o copyright [Fecha de publicación no identificada]
300 ## - DESCRIPCIÓN FÍSICA
Extensión 0 páginas
650 ## - PUNTO DE ACCESO ADICIONAL DE MATERIA--TÉRMINO DE MATERIA
Término de materia o nombre geográfico como elemento de entrada Erotic novel
700 ## - ENTRADA AGREGADA--NOMBRE PERSONAL
Nombre de persona Labrecque, Jennifer
700 1# - ENTRADA AGREGADA--NOMBRE PERSONAL
Nombre de persona Schuler, Candace
856 ## - LOCALIZACIÓN Y ACCESO ELECTRÓNICOS
Identificador Uniforme de Recursos <a href="https://public.digitaliapublishing.com/a/96066">https://public.digitaliapublishing.com/a/96066</a>
942 ## - ELEMENTOS DE ENTRADA SECUNDARIOS (KOHA)
Tipo de ítem Koha Libro Digital

No items available.

Powered by Koha